Sharon Griffiths v St Helens Council (Record no. 77291)
[ view plain ]
| 000 -LEADER | |
|---|---|
| fixed length control field | 02061cab a2200253 4500 |
| 001 - CONTROL NUMBER | |
| control field | ##L133965 |
| 008 - FIXED-LENGTH DATA ELEMENTS--GENERAL INFORMATION | |
| fixed length control field | 060626n2006 000 0 eng u |
| 035 ## - SYSTEM CONTROL NUMBER | |
| System control number | (Sirsi) u133965 |
| 041 0# - LANGUAGE CODE | |
| Language code of text/sound track or separate title | eng |
| 245 00 - TITLE STATEMENT | |
| Title | Sharon Griffiths v St Helens Council |
| 260 ## - PUBLICATION, DISTRIBUTION, ETC. | |
| Date of publication, distribution, etc. | 2006 |
| 520 ## - SUMMARY, ETC. | |
| Summary, etc. | [2006] EWCA Civ 160, 7 March 2006. Considers the effects of the amendments to the Housing Act 1996 s193 by the Homelessness Act 2002. Appeal by G against a decision that H's duty to provide accommodation for G under s193(2) of the 1996 Act had ceased under s193(5) of the Act because of her refusal of an offer of an assured shorthold tenancy of suitable accommodation from a private landlord secured for her by H. G submitted that the amendments made to s193 of the Act by the 2002 Act had removed assured shorthold tenancies entirely for the possible ambit ofs193(5) of the 1996 Act so that refusal by a homeless person of an offer by a private landlord of an assured shorthold tenancy could never be sufficient to bring to end H's duty under s193(2) of the Act. "Held": appeal dismissed. The duty of a local housing authority under s193(2) of the 1996 Act did not require that permanent accommodation was available for an applicant but was to secure suitable accommodation that could be temporary. S193(5) was capable of embracing an offer of temporary accommodation. The 2002 amendments did not implicitly remove the refusal of an offer of an assured shorthold tenancy from a private landlord for the possible ambit of s193(5). |
| 590 ## - LOCAL NOTE (RLIN) | |
| Local note | KA |
| 650 24 - SUBJECT ADDED ENTRY--TOPICAL TERM | |
| Topical term or geographic name entry element | ASSURED SHORTHOLD TENANCIES |
| 650 24 - SUBJECT ADDED ENTRY--TOPICAL TERM | |
| Topical term or geographic name entry element | GRIFFITHS V ST HELENS COUNCIL |
| 650 24 - SUBJECT ADDED ENTRY--TOPICAL TERM | |
| Topical term or geographic name entry element | HOUSING ACT 1996 S193(5) |
| 650 24 - SUBJECT ADDED ENTRY--TOPICAL TERM | |
| Topical term or geographic name entry element | HOUSING ACT 1996 S193(7B) |
| 650 24 - SUBJECT ADDED ENTRY--TOPICAL TERM | |
| Topical term or geographic name entry element | HOMELESSNESS ACT 2002 |
| 650 24 - SUBJECT ADDED ENTRY--TOPICAL TERM | |
| Topical term or geographic name entry element | HOUSING ACT 1996 S193(2) |
| 651 #4 - SUBJECT ADDED ENTRY--GEOGRAPHIC NAME | |
| Geographic name | England and Wales |
| Chronological subdivision | 1543- |
| 690 ## - LOCAL SUBJECT ADDED ENTRY--TOPICAL TERM (OCLC, RLIN) | |
| Topical term or geographic name as entry element | PROPERTY-RESIDENTIAL PROPERTY-RESIDENTIAL LANDLORD AND TENANT-RESIDENTIAL TENANCIES |
| 856 40 - ELECTRONIC LOCATION AND ACCESS | |
| Uniform Resource Identifier | <a href="https://www.bailii.org/ew/cases/EWCA/Civ/2006/160.html ">https://www.bailii.org/ew/cases/EWCA/Civ/2006/160.html </a> |
| Public note | View the judgment free of charge at www.bailii.org... |
| 942 ## - ADDED ENTRY ELEMENTS (KOHA) | |
| Suppress in OPAC | 0 |
| Withdrawn status | Lost status | Source of classification or shelving scheme | Damaged status | Not for loan | Home library | Current library | Shelving location | Date acquired | Total Checkouts | Full call number | Barcode | Date last seen | Copy number | Price effective from | Koha item type |
|---|---|---|---|---|---|---|---|---|---|---|---|---|---|---|---|
| Dewey Decimal Classification | Virtual | Virtual | Online | 26/06/2006 | ONLINE PUBLICATION | 133965-2001 | 06/08/2019 | 1 | 06/08/2019 | Law report |